| 000 | 00356pam a2200145 a 4500 | ||
|---|---|---|---|
| 020 | _c | ||
| 041 | _h | ||
| 082 |
_a750 _bGID |
||
| 100 | _aBhogwan s Gidwani . | ||
| 245 |
_aOmkar and I Photography _bOmkar and I Photography _hTextual Documents |
||
| 250 | _a1991. | ||
| 260 |
_a[s.l]: _bTransmission House Bombay |
||
| 300 |
_a75: _bHard. |
||
| 930 | _a3051 | ||
| 999 |
_c236841 _d236841 |
||